000 00619nam a22001937a 4500
005 20250424121553.0
010 _aENG-144705
020 _c2000.00
_a9788182747944
035 _aEN-128237
037 _bDBAD/PUB
082 _a921
_21
245 _aNarendra Modi A Visionary Prime Minister/
_cAashu Patel
250 _a1
260 _aNew Delhi
_bPENTAGON PRESS
_c2014
270 _bNew Delhi
_a206, Peacock Lane,Shahpur Jat
_e110049
_k011-64706243,26491568
_mrajan@pentagonpress.in
300 _aVarious Page
_c24cm(hbk)
_billustration
700 _aAashu Patel
_980810
942 _2ddc
_cEN
_h921
_mNAR
999 _c211071
_d211071